00801cas a22002053 450000100090000000300090000900500170001800800410003501000170007604000230009304100080011605000180012408200150014224501470015724600600030426000480036430000190041231000120043165001520044310862718BDDh-ASL20231015031357.0900512u ii u 0 0eng  asv 90026719  aBDDh-ASLcBDDh-ASL aeng00aAS472b.C2195 a950.1bASI00aJournal of the Asiatic Society of Bengal, Vol.- LXVII, Part-1, 1898 (History, Antiquities &c.) / cEdited by Honorary Philological Secretary. 23aJournal & proceedings of the Asiatic Society of Bengal. aCalcutta :bBaptist Mission Press, c1898.  bill. ;c23 cm. aUnknown 0aYear Book, Annual Report, Bulletin, Souvenir, Presidential and General Secretary's Address, Journal & proceedings of the Asiatic Society of Bengal.